00570 a2200157 4500020001500000040001300015082001300028100001800041245004200059260004700101300003500148650003400183650002200217856008200239856009100321 a0471467928 aDLCbDLC00a621.38451 aKumar, Vijay,10aMobile database systems cVijay Kumar aHoboken, NJ :bWiley-Interscience,cc2006. axxiv, 294 p. :bill. ;c25 cm. 0aMobile communication systems. 0aMobile computing.413Table of contents onlyuhttp://www.loc.gov/catdir/toc/ecip069/2006004830.html413Publisher descriptionuhttp://www.loc.gov/catdir/enhancements/fy0653/2006004830-d.html